000 00901nam a2200277 a 4500
001 26668
003 CO-ViMGA
005 20230915223424.0
008 141112s2004 ck r 000 u spa d
020 _a9789681672751
035 _aAJD1288 LA
040 _aCO-ViMGA
_bspa
_cCO-ViMGA
041 _aspa eng
043 _an - us - - -
090 _aN CREq
100 1 _aCreech, Sharon.
_93742
245 1 0 _aQuiere a ese perro /
_cSharon Creech ; ilustraciones de Alejandro Magallanes ; traducción de Cecilia Aura.
260 _aMéxico :
_bFondo de Cultura Económica,
_c2004.
300 _a95 p. : il. ; 19 cm.
490 0 _aA la orilla del viento. Para los que empiezan a leer ; 171
650 1 4 _aNovela juvenil estadounidense.
_92066
700 1 _aMagallanes, Alejandro, 1971 - , il.
_93743
942 _2ddc
_cBK
949 _an n
999 _c10017
_d10017